000 00922nam a22003131 4500
001 76579
003 BD-RjUL
005 20211209082848.0
008 710714s1967 enkabeh b 000 0 eng
035 _a(BD-RjUL)76803
040 _aDLC
_cDLC
_dDLC
_beng
041 _aeng
082 0 0 _a709.4
_223
_bKIL 1967
100 1 _aKidson, Peter.
_9236751
245 1 4 _aThe medieval world./
_cPeter kidson
260 _aLondon,
_bHamlyn,
_c1967.
300 _a176 p. ;
_billus. (some col.), facsims. (some col.), map, plans.;
_c29 cm.
350 _a30/-
490 0 _aLandmarks of the world's art
500 _aCol. maps on lining papers.
504 _aBibliography: p. [172]
650 0 _aArt, Medieval.
_9236752
650 0 _aArchitecture, Medieval.
_9236753
906 _a7
_bcbc
_corignew
_du
_encip
_f19
_gy-gencatlg
942 _2ddc
_cBK
999 _c76579
_d76579